000 00549nam a2200205Ia 4500
003 IN-BaIIA
008 211028s9999 xx 000 0 eng d
020 _a0-07-052889-6
040 _cIIA Library
080 _a681.31
_bHIL
100 _aHill, B
_927382
245 0 _aCISCO
_bthe complete reference
_cB. Hill
260 _bTata McGraw-Hill
_c2002
300 _axxviii, 160p. + cd
650 _aCisco Routing
_927383
650 _aCisco Technology
_927384
650 _aLAN Switching
_927385
650 _aNetworking Basics
_927386
942 _cBK
999 _c15053
_d15053